000 02712nam0a2200457 4500
001 RU\NLR\BIBL_A\011497778
005 20260406132615.0
020 _aRU
_b8340
_9Сводный каталог листовок первых лет Советской власти (25 октября (7 ноября) 1917 - 1925) Т.4 (Ч.1). Листовки советских, партийных, профсоюзных, комсомольских и других организаций губерний РСФСР
035 _a(NLR Aleph) 011497778
090 _a11980771
_c11980771
100 _a20171017j19201013|||y0rusy50 ca
101 0 _arus
102 _aRU
105 _ay z 000zy
135 _acrcn 024apada
200 1 _aЗа три года. "Рабоче-крестьянская Русь переходит к четвертому году существования ..."
_e[листовка
_fАгитационно-пропагандистский отдел]
210 _aКалуга
_cКалуж. губаген. ВЦИК "Центропечать"
_c1-я Гос. тип.
_d1920, окт., 13
215 _a1 с.
_d29х18
300 _aВ надзаг.: РКП (б)
325 1 _aКопия доступна в Электронной библиотеке РНБ
327 1 _aИтоги трех лет Советской власти
517 1 _aРабоче-крестьянская Русь переходит к четвертому году существования ...
540 1 _aИтоги трех лет Советской власти
607 _aРСФСР
_jЛистовки
_xПолитика и управление
_y1917 - 1925
_92312782
_3RU\NLR\auth\6601609564
686 0 _aТ3(2)71-313,011
686 1 _aФ61(2Р-4Калж)271.2-5,011
712 0 2 _4570
_aРКП(б)
_3RU\NLR\AUTH\8824378
_9323476
712 0 2 _4570
_aРКП(б)
_bКалужский губернский комитет
_bАгитационно-пропагандистский отдел
_9465018
_3RU\NLR\AUTH\880399065
852 0 0 _aNLR
_bФЛ
_j35/6
856 0 _uhttps://vivaldi.nlr.ru/ll000011846/view
856 1 _uhttps://vivaldi.nlr.ru/ll000011846/cover
856 2 _uhttps://vivaldi.nlr.ru/ll000011846/text
942 _cBOOK
980 _aNB
981 2 2 _a(22) Материалы по истории России
_b(22) История России с 25 октября (7 ноября) 1917 года
981 2 1 _a(21) Листовки
_b(21) Листовки 1920 года